01796cam a22002535a 45000010009000000050017000090080041000260200018000670400038000850820025001232450140001482600054002883000039003425000024003815040041004055050809004466500024012556510010012796530021012897000029013109420008013399990017013479520178013641741074020160308151253.0120727t2013 ilua frb 001 0 eng d a9780867155716 aDNLM/DLCcDLCdDLCdEG-ScBUEbeng04a617.6342059222bCON00aContemporary restoration of endodontically treated teeth :bevidence-based diagnosis and treatment planning /cedited by Nadim Z. Baba. aHanover Park :bQuintessence Publishing,cc.2013. ax, 218 p. :bill. (col.) ;c28 cm. aIndex : p. 213-218. aIncludes bibliographical references.0 aImpact of outcomes data on diagnosis and treatment planning -- Treatment-planning considerations for endodontically treated teeth -- Treatment options and materials for endodontically treated teeth -- Principles for restoration of endodontically treated teeth -- Cementation of posts and provisional restoration -- Tooth whitening and management of discolored endodontically treated teeth -- Crown lengthening -- Preprosthetic orthodontic tooth eruption -- Intra-alveolar transplantation -- Autotransplantation and replantation -- Osseointegrated dental implants -- Repair of perforations in endodontically treated teeth -- Removal of posts -- Removal of broken instruments from the root canal system -- Endodontic treatment of a tooth with a prosthetic crown -- Retrofitting a post to an existing crown. 0aEndodontics.2BUEsh 2BUEsh bDDentcMarch20161 aBaba, Nadim Z.,eeditor. 2ddc c21337d21309 00102ddc40708Al-Dar AlAaMAINbMAINc1STd2016-03-08ePurchaseg1280.00h583l2m53o617.6342059 CONp000031901q2022-05-28r2018-03-24 00:00:00s2018-03-24v1600.00yBB